| 000 -LEADER |
| fixed length control field |
00562cam a22001934a 4500 |
| 020 ## - INTERNATIONAL STANDARD BOOK NUMBER |
| ISBN |
0821360418 (pbk.) |
| 040 ## - CATALOGING SOURCE |
| Transcribing agency |
DLC |
| 082 00 - DEWEY DECIMAL CLASSIFICATION NUMBER |
| Classification number |
332 WOR 2005 A073 Or. |
| 245 00 - TITLE STATEMENT |
| Title |
At the frontlines of development : |
| Remainder of title |
reflections from the World Bank / |
| 246 3# - VARYING FORM OF TITLE |
| Title proper/short title |
Frontlines of development |
| 260 ## - PUBLICATION, DISTRIBUTION, ETC. (IMPRINT) |
| Place of publication |
Washington, D.C. : |
| Name of publisher |
World Bank, |
| Year of publication |
c2005. |
| 300 ## - PHYSICAL DESCRIPTION |
| Number of Pages |
xiv, 350 p. ; |
| Dimensions |
26 cm. |
| 650 #0 - SUBJECT ADDED ENTRY--TOPICAL TERM |
| Topical Term |
Economic development. |
| 650 #0 - SUBJECT ADDED ENTRY--TOPICAL TERM |
| Topical Term |
International finance. |
| 700 1# - ADDED ENTRY--PERSONAL NAME |
| Personal name |
Gill, Indermit Singh, |
| 700 1# - ADDED ENTRY--PERSONAL NAME |
| Personal name |
Pugatch, Todd. |
| 710 2# - ADDED ENTRY--CORPORATE NAME |
| Corporate name or jurisdiction name as entry element |
World Bank. |
| 942 ## - ADDED ENTRY ELEMENTS (KOHA) |
| Koha item type |
សៀវភៅភាសាអង់គ្លេស |
| 952 ## - LOCATION AND ITEM INFORMATION (KOHA) |
| Withdrawn status [LOCAL, KOHA] |
0 |